The God who is there: (Record no. 8669)

000 -LEADER
fixed length control field 00894nam a2200217 a 4500
001 - CONTROL NUMBER
control field :::00006445$&:&@@
003 - CONTROL NUMBER IDENTIFIER
control field OkBaRHE
005 - DATE AND TIME OF LATEST TRANSACTION
control field 20100401150118.0
008 - FIXED-LENGTH DATA ELEMENTS--GENERAL INFORMATION
fixed length control field s1968 j 000 0 eng u
040 ## - CATALOGING SOURCE
Transcribing agency
100 1# - MAIN ENTRY--PERSONAL NAME
Personal name Schaeffer, Francis A. (Francis August).
245 14 - TITLE STATEMENT
Title The God who is there:
Remainder of title speaking historic Christianity into the twentieth century.
260 ## - PUBLICATION, DISTRIBUTION, ETC. (IMPRINT)
Place of publication, distribution, etc Chicago, IL., :
Name of publisher, distributor, etc Inter-varsity Press
Date of publication, distribution, etc 1968
300 ## - PHYSICAL DESCRIPTION
Extent 191 p. ;
Dimensions 21 cm.
650 ## - SUBJECT ADDED ENTRY--TOPICAL TERM
Topical term or geographic name as entry element Apologetics
General subdivision 20th Century
650 ## - SUBJECT ADDED ENTRY--TOPICAL TERM
Topical term or geographic name as entry element Christianity
General subdivision 20th Century
942 ## - ADDED ENTRY ELEMENTS (KOHA)
Source of classification or shelving scheme
Koha item type Books
Copies
Not for loan Total Checkouts Date last seen Current Location Price effective from Source of classification or shelving scheme Withdrawn status Copy number Koha item type Date acquired Damaged status Barcode Lost status Permanent Location Date checked out Full call number Shelving location
  2010-04-14 2010-04-14  1Books2010-04-14 6445 RHEMA Bible Training College BT 1102 .S3 1968General Stacks
  2010-04-14 2010-04-14  2Books2010-04-14 15184 RHEMA Bible Training College BT 1102 .S3 1968General Stacks
 12018-05-10RHEMA Bible Training College2010-04-14  3Books2010-04-14 18472 RHEMA Bible Training College2013-09-20BT 1102 .S3 1968General Stacks